Prehľad báz dát s informáciami o patentoch Pristupných formou online pre používateľov SAV

Salvato in:
Dettagli Bibliografici
Autore principale: Jakúbková, Ľubomíra
Natura: Libro
Lingua:slovacco
Pubblicazione: Bratislava Ústredná knižnica SAV 1986
Tags: Aggiungi Tag
Nessun Tag, puoi essere il primo ad aggiungerne!!

MARC

LEADER 00000nam a2200000 4500
001 c035722
005 20250908113104.2
041 0 |a slo 
044 |a SK 
245 1 0 |a Prehľad báz dát s informáciami o patentoch  |b Pristupných formou online pre používateľov SAV  |c Ľubomíra Jakúbková 
264 1 |a Bratislava  |b Ústredná knižnica SAV  |c 1986 
300 |a 60 s. 
100 1 |a Jakúbková, Ľubomíra